| 000 | 00397nam a22001697a 4500 | ||
|---|---|---|---|
| 005 | 20160601152942.0 | ||
| 008 | 160601b xxu||||| |||| 00| 0 eng d | ||
| 020 | _a0-415-19681-7 | ||
| 041 | _aeng | ||
| 082 | _b6759 | ||
| 100 |
_aWhite, Geoff and Druker, Janat _91622 |
||
| 245 | _aReward Management | ||
| 260 | _bRoutledge London | ||
| 300 | _a219 | ||
| 650 |
_aManagement _9241 |
||
| 942 | _cBK | ||
| 999 |
_c2353 _d2352 |
||